Normal view
MARC view
Entry Topical Term
001 - CONTROL NUMBER
- control field: 2082
003 - CONTROL NUMBER IDENTIFIER
- control field: BD-RjUL
005 - DATE AND TIME OF LATEST TRANSACTION
- control field: 20220328110427.0
008 - FIXED-LENGTH DATA ELEMENTS
- fixed length control field: 220328|| aca||aabn | a|a d
040 ## - CATALOGING SOURCE
- Original cataloging agency: BD-RjUL
- Transcribing agency: BD-RjUL
150 ## - HEADING--TOPICAL TERM
- Topical term or geographic name entry element: Disadvantaged Children
- General subdivision: Education
670 ## - SOURCE DATA FOUND
- Source citation: Work cat.: (BD-RjUL)79621: Kabir, Md. Humayun 2078, Problems of Basic Education of the Disadvantaged Children in the Urban Areas of Bangladesh :, 2010